| 000 | 00885nam a2200253Ia 4500 | ||
|---|---|---|---|
| 003 | GCL | ||
| 008 | 140319s9999 xx 000 0 ara d | ||
| 040 |
_aGCL / _cGCL |
||
| 082 | 0 | 4 |
_aق _b962.042 _bس د |
| 100 | 1 | _aالسيد حسين جلال | |
| 245 | 1 | 0 |
_aدراسة فى تاريخ مصر الحديث مؤامرة مد امتياز شركة قناة السويس 1910-1908م / _cالسيد حسين جلال |
| 260 |
_a[S.N] : _bالهيئة المصرية العامة للكتاب ، _c1990 |
||
| 300 | _a231 ص | ||
| 490 | _a | ||
| 650 | 0 | 4 | _aالعصر الحديث |
| 650 | 0 | 4 | _aمصر |
| 650 | 0 | 4 | _aتاريخ |
| 650 | 0 | 4 | _aالاحوال السياسية |
| 650 | 0 | 4 | _aالعلاقات الخارجية |
| 650 | 0 | 4 | _aالصحافة المصرية |
| 650 | 0 | 4 | _aعباس حلمى الثانى 1914-1892 |
| 650 | 0 | 4 | _aقناة السويس |
| 942 |
_2ddc _cBK |
||
| 999 |
_c28972 _d28972 |
||